00945nam a2200241Ia 450000500170000000800410001702000150005804000180007304100080009108200210009910000270012024500560014725000120020326000570021530000270027265000430029965000250034265000410036794200300040899900190043895201230045795201230058020220706133557.0210716s1987 xx 000 0 und d a0876923589 cAIMIT LIBRARY aeng a003.54 23bKANJ aKanter, Jerome.947236 aManagement information systems /cBy Jerome Kanter. a3rd ed. aNew Delhi :bPrentice Hall of India PVt Ltd ,c1987. axiii,448 p. ;c24.5cm. aInformation resource management947237 aMortar of MIS947238 aApplication development cycle947239 2ddccBKe3rdk003.54 KANJ c180990d180990 001040708MCAaAIMITbAIMITd2021-07-16g59.00l0o003.54 KANJpMCA00498r2025-07-21 00:00:00v59.00w2021-07-16yBK 001040708MCAaAIMITbAIMITd2021-07-16g59.00l0o003.54 KANJpMCA01946r2025-07-21 00:00:00v59.00w2021-07-16yBK